| 000 | 01027nam a2200265 i 4500 | ||
|---|---|---|---|
| 001 | 180882 | ||
| 003 | ES-MaACL | ||
| 005 | 20250729063244.0 | ||
| 008 | 120806s2011 sp acfo |||| |bspa d | ||
| 020 | _a978-84-306-0794-5 | ||
| 080 | _a929 Marañón, Gregorio | ||
| 100 | 1 |
_aLópez Vega, Antonio, _d1978- _9139555 |
|
| 245 | 1 | 0 |
_aGregorio Marañón : _bradiografía de un liberal / _cAntonio López Vega ; [prólogo, Juan Pablo Fusi]. |
| 260 |
_aMadrid : _bTaurus, _c2011. |
||
| 300 |
_a552 p., [26] p. de lám. ; _c24 cm. |
||
| 490 | 1 | _aMemorias y biografías | |
| 500 | _aÍndice onomástico. | ||
| 505 | 8 | _aContiene: 1887-1922: Juventud ; 1923-1936: Plenitud ; 1936-1942: Desconcierto ; 1942-1960: Posibilismo | |
| 600 | 1 | 4 |
_aMarañón, Gregorio, _d1887-1960- _xBiografías _976312 |
| 700 | 1 |
_aFusi, Juan Pablo, _d1945- _953068 |
|
| 830 | 1 |
_aMemorias y biografías _9183047 |
|
| 852 | 4 |
_aES-MaACL _jA-12161 _9187759 _bR.147138 _cDEPO1 _dOlim: N-5166 |
|
| 942 |
_2udc _cMONOGRAFIA |
||
| 999 |
_c180882 _d180882 |
||